| 000 | 00412nam a2200169 i 4500 | ||
|---|---|---|---|
| 001 | bg | ||
| 100 | 1 | _aTRUELL, R. | |
| 245 | 0 |
_aUltrazvukovye metody w fizike tverdogo tela / _cR. Truell, C. Elbaum, B. Cik. |
|
| 260 |
_aMoskva, _c1972. |
||
| 700 | 1 | _aELBAUM, C. | |
| 700 | 1 | _aCIK, B. | |
| 040 | _cBPK | ||
| 041 | _apol | ||
| 080 | _a534.2:539.2 | ||
| 942 | _cKS | ||
| 008 | s pl f |000 0 pol | ||
| 999 |
_c14718 _d14718 |
||
| 856 |
_uhttp://koha.tu.koszalin.pl/cgi-bin/koha/opac-detail.pl?biblionumber=14718 _yKatalog online BPK |
||